El poder. Un intento de orientación
Gespeichert in:
| 1. Verfasser: | |
|---|---|
| Format: | Buch |
| Sprache: | Spanisch |
| Veröffentlicht: |
Madrid
Guadarrama
1963
|
| Schriftenreihe: | Colección Cristianismo y hombre actual, 49
|
| Schlagworte: | |
| Tags: |
Tag hinzufügen
Keine Tags, Fügen Sie den ersten Tag hinzu!
|
MARC
| LEADER | 00000nam a2200000 a 4500 | ||
|---|---|---|---|
| 001 | UCS8415 | ||
| 003 | CL-VaPUC | ||
| 008 | 971031e19630000SP |||||||||||||||||spa|d | ||
| 082 | 0 | 4 | |a 128.3 |b GUA |2 21 |
| 100 | 0 | |a Guardini, Romano |e author |9 341352 | |
| 245 | 1 | 3 | |a El poder. Un intento de orientación |
| 300 | |a 149 p | ||
| 942 | |c BK | ||
| 945 | |d 19971031 00:00:00 |a aolguin | ||
| 260 | |a Madrid |b Guadarrama |c 1963 | ||
| 650 | 7 | |a PODER |2 CL-VaPUC |9 393293 | |
| 650 | 0 | |a Antropología filosófica |9 265842 | |
| 650 | 0 | |a Teología |9 258766 | |
| 650 | 0 | |a Comportamiento |9 308406 | |
| 650 | 0 | |a Filosofía cristiana |9 265980 | |
| 583 | |a last modification |c 19971031 00:00:00 |k Rodrigo Vera | ||
| 490 | 0 | |a Colección Cristianismo y hombre actual, 49 | |
| 999 | |c 262844 |d 262842 | ||
| 952 | |0 0 |1 0 |4 0 |6 128_300000000000000_GUA_1963 |7 0 |8 DER_TF |9 291747 |a BIBDER |b BIBDER |d 2019-11-19 |i 1897985 |o 128.3 GUA 1963 |p 1897985 |r 2023-01-25 |w 2019-11-19 |x Ubicación 4to Piso |y BK |z Estos recursos deben solicitarse con anticipación |k DER | ||
| 952 | |0 0 |1 0 |4 0 |6 128_300000000000000_GUA_1963 |7 0 |8 A |9 291748 |a BIBTEO |b BIBTEO |d 2019-11-19 |i 3382508 |o 128.3 GUA 1963 |p 3382508 |r 2025-01-17 |w 2019-11-19 |y BK |k ICR | ||